| 000 | 00635nam a2200217 a 4500 | ||
|---|---|---|---|
| 005 | 20231021063557.0 | ||
| 008 | 991125s19902014mx 000 0 spa u | ||
| 020 | _a9682439876 (10 dígitos) | ||
| 020 | _a9789682473296 (13 dígitos) | ||
| 035 | _aUPN01000003902 | ||
| 049 | _aCG | ||
| 050 | 4 |
_aLB1049 _bD5.3 1990 |
|
| 100 | 1 | _aDíaz Vega, José Luis | |
| 245 | 1 | 0 |
_aAprende a estudiar con éxito / _cJosé Luis Díaz Vega. |
| 250 | _a3a ed. | ||
| 260 |
_aMéxico : _bTrillas, _c1990. (2014, impr.) |
||
| 300 |
_a130 p. : _bil. |
||
| 650 | 4 |
_aMétodos de estudio _94280 |
|
| 650 | 7 |
_aEnseñanza programada _2 _92238 |
|
| 905 | _aLibro | ||
| 999 |
_c3902 _d3902 |
||